Ensiklopedia juz Amma (Record no. 129358)

MARC details
000 -LEADER
fixed length control field 00828nam a2200277 i 4500
001 - CONTROL NUMBER
control field C2-0330511
003 - CONTROL NUMBER IDENTIFIER
control field PPAK
005 - DATE AND TIME OF LATEST TRANSACTION
control field 20180728131122.0
008 - FIXED-LENGTH DATA ELEMENTS--GENERAL INFORMATION
fixed length control field 150426s2013 my a|||| ||||| | may d
020 ## - INTERNATIONAL STANDARD BOOK NUMBER
International Standard Book Number 9789670414904
040 ## - CATALOGING SOURCE
Original cataloging agency PPAK
Language of cataloging eng
Transcribing agency PPAK
Description conventions rda
082 04 - DEWEY DECIMAL CLASSIFICATION NUMBER
Classification number 297.1222903
Edition number 23
090 00 - LOCALLY ASSIGNED LC-TYPE CALL NUMBER (OCLC); LOCAL CALL NUMBER (RLIN)
Classification number (OCLC) (R) ; Classification number, CALL (RLIN) (NR) 297.1222903
Feature heading ENS
Feature heading RK
245 00 - TITLE STATEMENT
Title Ensiklopedia juz Amma
264 #1 - PRODUCTION, PUBLICATION, DISTRIBUTION, MANUFACTURE, AND COPYRIGHT NOTICE
Place of production, publication, distribution, manufacture Hulu Selangor, Selangor :
Name of producer, publisher, distributor, manufacturer Darul Mughni Trading ,
Date of production, publication, distribution, manufacture, or copyright notice 2013
300 ## - PHYSICAL DESCRIPTION
Extent 180 pages :
Other physical details colour illustrations ;
Dimensions 26 cm
336 ## - CONTENT TYPE
Source rdacontent
Content type term text
337 ## - MEDIA TYPE
Source rdamedia
Media type term unmediated
338 ## - CARRIER TYPE
Source rdacarrier
Carrier type term volume
500 ## - GENERAL NOTE
General note 1 CD-ROM
650 10 - SUBJECT ADDED ENTRY--TOPICAL TERM
Topical term or geographic name entry element Qur'an, uz'Amma. ; Qur'an - Encyclopedias.
700 0# - ADDED ENTRY--PERSONAL NAME
Personal name Aminah Mustari,
Relator term compile
Personal name Haslinda Hasim,
Relator term editor
Personal name Haslinda Hasim,
Relator term translator.
942 ## - ADDED ENTRY ELEMENTS (KOHA)
-- dc
Koha item type Book
Holdings
Withdrawn Not for loan Current library Shelving location Date acquired Full call number Barcode Date last seen Koha item type Total Checkouts
  Not For Loan Perpustakaan Alor Setar Rujukan Kanak-kanak 19/05/2015 RK 297.1222903 ENS A01449185 28/08/2023 Book  
  Not For Loan Perpustakaan Alor Setar Rujukan Kanak-kanak 19/05/2015 RK 297.1222903 ENS A01449186 09/05/2018 Book  
  Not For Loan Perpustakaan Awam Sungai Petani Rujukan Kanak-kanak 19/05/2015 RK 297.1222903 ENS A01449187 09/05/2018 Book  
  Not For Loan Perpustakaan Bandar Baharu Rujukan Kanak-kanak 19/05/2015 RK 297.1222903 ENS A01449192 09/05/2018 Book  
  Not For Loan Perpustakaan Jitra Rujukan Kanak-kanak 19/05/2015 RK 297.1222903 ENS A01449189 09/05/2018 Book  
  Not For Loan Perpustakaan Kulim Rujukan Kanak-kanak 19/05/2015 RK 297.1222903 ENS A01449188 09/05/2018 Book  
  Not For Loan Perpustakaan Langkawi Rujukan Kanak-kanak 19/05/2015 RK 297.1222903 ENS A01449190 09/05/2018 Book  
  Not For Loan Perpustakaan Merbok Rujukan Kanak-kanak 19/05/2015 RK 297.1222903 ENS A01449191 09/05/2018 Book